| 000 | 00606nam a2200217Ia 4500 | ||
|---|---|---|---|
| 005 | 20241129104221.0 | ||
| 008 | 241129s9999||||xx |||||||||||||| ||und|| | ||
| 020 | _a9781839767548 | ||
| 037 | _aTextual | ||
| 040 |
_aRTL _beng _cRTL |
||
| 041 |
_aeng _2eng |
||
| 084 |
_aU435 R2 _qRTL |
||
| 100 |
_aKern Leslie _9725273 |
||
| 245 | 0 |
_aGentrification is inevitable: And other lies _cKern Leslie |
|
| 260 |
_aLondon _bVerso Publications _c2022 |
||
| 300 | _aix,243p. | ||
| 365 |
_aINR _b1520.44 |
||
| 650 |
_aUrban Studies _9724825 |
||
| 942 |
_cTB _hU435 R2 |
||
| 999 |
_c1224923 _d1224923 |
||